Propuesta de manual de estilo para redactar sentencias

में बचाया:
ग्रंथसूची विवरण
निगमित लेखक: Comisión del Lenguaje Claro del Poder Judicial de Chile (लेखक)
स्वरूप: पुस्तक
भाषा:स्पेनिश
प्रकाशित: Santiago Poder Judicial 2019
संस्करण:1a. ed
विषय:
टैग: टैग जोड़ें
कोई टैग नहीं, इस रिकॉर्ड को टैग करने वाले पहले व्यक्ति बनें!

MARC

LEADER 00000cam a2200000 a 4500
001 UCC7613
003 CL-VaPUC
008 190418e20190000cl |||||||||||||||||spa|d
082 0 4 |a 808.06634  |b COM  |2 21 
110 2 |a Comisión del Lenguaje Claro del Poder Judicial de Chile  |e author  |9 602287 
245 1 0 |a Propuesta de manual de estilo para redactar sentencias 
250 |a 1a. ed 
300 |a 169 p 
942 |c BK 
945 |d 20190418 12:46:00  |a dcastane 
260 |a Santiago  |b Poder Judicial  |c 2019 
650 0 |a Redacción   |9 320524 
650 0 |a Escritos jurídicos  |9 392715 
583 |a last modification  |c 20190418 12:46:00  |k Rodrigo Vera 
999 |c 374211  |d 374209 
952 |0 0  |1 0  |3 erd  |4 0  |6 808_066340000000000_COM_2019  |7 0  |8 A  |9 492697  |a BIBDER  |b BIBDER  |i 5543746  |o 808.06634 COM 2019  |p 5543746  |r 2023-01-25  |w 2019-11-24  |y BK  |z Catalogado en:20190418  |k DER